| 000 | 00508nam a2200193Ia 4500 | ||
|---|---|---|---|
| 003 | GCL | ||
| 008 | 140319s9999 xx 000 0 eng d | ||
| 040 |
_aGCL / _cGCL |
||
| 082 | 0 | 4 |
_a664.63 _bN L |
| 100 | 1 | _aGAFNON, GILLERTE | |
| 245 | 1 | 0 |
_aLOW - COLORIE FOODS HANDBOOK / _cGAFNON, GILLERTE |
| 700 | 1 | _aLO PROIENO, ANTONIO | |
| 260 |
_a[S.N] : _bMACMILLAN PUBLISHING COMPANY ، _c1993 |
||
| 300 | _a580 P | ||
| 650 | 0 | 4 | _aFOOD |
| 650 | 0 | 4 | _aFOOD HABITS |
| 650 | 0 | 4 | _aFOOD COMPOSITION |
| 942 |
_2ddc _cBK |
||
| 999 |
_c15703 _d15703 |
||